Dona Branca de Navarra e quinze dias de reinado (Record no. 160567)

MARC details
000 -LEADER
campo de control de longitud fija 01067nam a22002415i 4500
001 - NÚMERO DE CONTROL
campo de control 160567
003 - IDENTIFICADOR DE NÚMERO DE CONTROL
campo de control ES-MaACL
005 - FECHA Y HORA DE LA ÚLTIMA TRANSACCIÓN
campo de control 20250630060249.0
008 - DATOS DE LONGITUD FIJA--INFORMACIÓN GENERAL
campo de control de longitud fija 040928m18521853po af |||| | por d
040 ## - FUENTE DE CATALOGACIÓN
Centro catalogador/agencia de origen CAM
Lengua de catalogación spa
Centro/agencia transcriptor CAM
080 ## - NÚMERO DE LA CLASIFICACIÓN DECIMAL UNIVERSAL
Número de la Clasificación Decimal Universal 821.134.2-31"18"
080 ## - NÚMERO DE LA CLASIFICACIÓN DECIMAL UNIVERSAL
Número de la Clasificación Decimal Universal 929 Blanca (460.18)(0:82)
100 0# - ENTRADA PRINCIPAL--NOMBRE DE PERSONA
Nombre de persona Navarro Villoslada, Francisco,
Fechas asociadas al nombre 1818-1895
9 (RLIN) 85180
245 10 - MENCIÓN DEL TÍTULO
Título Dona Branca de Navarra e quinze dias de reinado
Resto del título : romance historico sobre una chronica do seculo XV /
Mención de responsabilidad, etc. por Francisco Navarro Villoslada ; traduzido e publicado por Filippe de Sá.
260 ## - PUBLICACIÓN, DISTRIBUCIÓN, ETC.
Lugar de publicación, distribución, etc. Lisboa :
Nombre del editor, distribuidor, etc. [s.n.],
Fecha de publicación, distribución, etc. 1852-1853 (
Fabricante Typ. de João José de Salles Colaço)
300 ## - DESCRIPCIÓN FÍSICA
Extensión 2 v. (400 p., [5] h. lám. ; 430 p., [7] h. lám.) ;
Dimensiones 20 cm.
600 04 - PUNTO DE ACCESO ADICIONAL DE MATERIA--NOMBRE DE PERSONA
Nombre de persona Blanca
Títulos y otros términos asociados al nombre Reina consorte de Enrique IV, Rey de Castilla-
Subdivisión de forma Novelas.
9 (RLIN) 154664
655 #7 - TERMINO DE INDIZACIÓN--GENERO/FORMA
Fuente del término tgfbne
Datos o término principal de género/forma Novelas históricas
9 (RLIN) 226782
700 1# - ENTRADA AGREGADA--NOMBRE PERSONAL
Nombre de persona Sá, Filippe da.
9 (RLIN) 132991
852 ## - LOCALIZACIÓN
Ubicación ES-MaACL
Número de control de estantería C-3423
Nota libre -- Enc. hol.
-- -- Legado de Modesto de la Fuente
-- -- Enc. 2 t. en 1 v.
942 ## - ELEMENTOS DE ENTRADA SECUNDARIOS (KOHA)
Fuente del sistema de clasificación o colocación Clasificación decimal universal
Holdings
Estatus retirado Estado de pérdida Estado de daño No para préstamo Colección Biblioteca de origen Biblioteca actual Ubicación en estantería Fecha de adquisición Fuente de adquisición Total de préstamos Signatura topográfica completa Código de barras Visto por última vez Precio de reemplazo Tipo de ítem Koha
        Libros del s. XIX Biblioteca del Ateneo de Madrid Biblioteca del Ateneo de Madrid Sala Palomar 17/01/2008     C-3423 1168126 23/02/2023 23/02/2023 Libro impreso antiguo